AH International Schools' Libraries

The Second Anti-Coloring Book: Creative Activites for Ages 6 and Up (Record no. 48965)

MARC details
000 -LEADER
fixed length control field 00410nam a22001217a 4500
008 - FIXED-LENGTH DATA ELEMENTS--GENERAL INFORMATION
fixed length control field 250630b |||||||| |||| 00| 0 eng d
020 ## - INTERNATIONAL STANDARD BOOK NUMBER
International Standard Book Number 9780805068436
100 ## - MAIN ENTRY--PERSONAL NAME
Personal name Susan Striker (Author), Edward Kimmel (Author)
9 (RLIN) 86349
245 ## - TITLE STATEMENT
Title The Second Anti-Coloring Book: Creative Activites for Ages 6 and Up
260 ## - PUBLICATION, DISTRIBUTION, ETC. (IMPRINT)
Place of publication, distribution, etc New York
Name of publisher, distributor, etc Henry Holt
Date of publication, distribution, etc 1866
300 ## - PHYSICAL DESCRIPTION
Extent 96 p
Other physical details col. ill.
Dimensions 8.5 x 0.2 x 11 inches
942 ## - ADDED ENTRY ELEMENTS (KOHA)
Source of classification or shelving scheme
Holdings
Withdrawn status Lost status Source of classification or shelving scheme Damaged status Not for loan Collection code Home library Current library Date acquired Total Checkouts Full call number Barcode Date last seen Price effective from Koha item type
          Non-Fiction Asian Hope Siem Reap Asian Hope Siem Reap 06/30/2025   NFIC SUS 208250 06/30/2025 06/30/2025 Book

For any Logos Library related questions please contact Miss Art at swongnarasuk@asianhope.org.

For any Asian Hope Library related questions please contact Miss Raza at graza@asianhope.org.

Click here to explore our ebooks!

Powered by Koha